Insecticides and pest control, (Record no. 85398)
[ view plain ]
| 000 -LEADER | |
|---|---|
| fixed length control field | 00624cam a2200205 4500 |
| 001 - CONTROL NUMBER | |
| control field | sa 68013849 |
| 003 - CONTROL NUMBER IDENTIFIER | |
| control field | DLC |
| 005 - DATE AND TIME OF LATEST TRANSACTION | |
| control field | 20260227112626.0 |
| 008 - FIXED-LENGTH DATA ELEMENTS--GENERAL INFORMATION | |
| fixed length control field | 691209s1968 ii a b 00110 eng |
| 010 ## - LIBRARY OF CONGRESS CONTROL NUMBER | |
| LC control number | sa 68013849 //r86 |
| 025 ## - OVERSEAS ACQUISITION NUMBER | |
| Overseas acquisition number | PL480:I-E-10924 |
| 050 0# - LIBRARY OF CONGRESS CALL NUMBER | |
| Classification number | SB931 |
| Item number | .C524 1968 |
| 082 ## - DEWEY DECIMAL CLASSIFICATION NUMBER | |
| Classification number | 632/.7 |
| 100 10 - MAIN ENTRY--PERSONAL NAME | |
| Personal name | Chandra, Jagat Pal Singh, |
| Dates associated with a name | 1927- |
| 245 10 - TITLE STATEMENT | |
| Title | Insecticides and pest control, |
| Statement of responsibility, etc. | by J. P. Singh 'Chandra'. |
| 260 0# - PUBLICATION, DISTRIBUTION, ETC. | |
| Place of publication, distribution, etc. | Bombay, |
| Name of publisher, distributor, etc. | Current Book House |
| Date of publication, distribution, etc. | [1968] |
| 300 ## - PHYSICAL DESCRIPTION | |
| Extent | vii, 245 p. |
| Other physical details | illus. |
| Dimensions | 22 cm. |
| 504 ## - BIBLIOGRAPHY, ETC. NOTE | |
| Bibliography, etc. note | "Select bibliography in entomology": p. 240-242. |
| 650 #0 - SUBJECT ADDED ENTRY--TOPICAL TERM | |
| Topical term or geographic name entry element | Insect pests |
| General subdivision | Control. |
No items available.